000 00581nam a2200217 i 4500
001 bg
100 1 _aFIL'C, Roman Vladimirovič
245 1 0 _aRachunek równoważników /
_cRoman Filc.
260 _aPoznań :
_bWydawnictwo Politechniki Poznańskiej,
_c2006.
300 _a146 s. :
_bil. ;
_c24 cm.
504 _aBibliogr. s. 143. Indeks.
650 9 _aRównania całkowe
015 _aPB 16150/2006
020 _a8371432119
040 _cBPK
041 _apol
080 _a517.9
920 _a83-7143-211-9
942 _cKS
008 s pl f |000 0 pol
999 _c52545
_d52545